[Event "Fast KO - 1500-1900"]
[Site "SchemingMind.com"]
[Date "2014.10.01"]
[Round "-"]
[White "Scooter"]
[Black "kenneth m day"]
[Result "1-0"]
[WhiteCountry "USA"]
[BlackCountry "USA"]
[WhiteElo "1761"]
[WhiteRD "48"]
[BlackElo "1657"]
[BlackRD "51"]
[GameID "366173"]

1. d4 g6 2. Nf3 Bg7 3. Bf4 d6 4. e3 Nf6 5. Be2 O-O 6. O-O Nbd7 7. h3 c5 8. c3 b6 9. Nbd2 Bb7 10. Re1 Rc8
11. Rc1 cxd4 12. cxd4 Re8 13. b4 e5 14. dxe5 dxe5 15. Bg5 h6 16. Bxf6 Bxf6 17. Bb5 Rc7 18. Nc4 Re7 19. Qe2 a6 20. Bxd7 Rexd7
21. Nxb6 Re7 22. Qb2 e4 23. Qxf6 exf3 24. Rcd1 Qe8 25. gxf3 Rc6 26. Nd5 Ree6 27. Qb2 Rcd6 28. Nc7 Qc6 29. Nxe6 Rxe6 30. Rd8+ Re8
31. Red1 Qe6 32. Rxe8+ Qxe8 33. e4 Qe7 34. a3 Kh7 35. Qd2 Qf6 36. Kg2 Qe7 37. Qd7 Qxd7 38. Rxd7 Bc8 39. Rxf7+ Kg8 40. Rf6 Kg7
41. Rc6
1-0

[Event "Fast KO - 1500-1900"]
[Site "SchemingMind.com"]
[Date "2014.09.30"]
[Round "-"]
[White "kenneth m day"]
[Black "Scooter"]
[Result "0-1"]
[WhiteCountry "USA"]
[BlackCountry "USA"]
[WhiteElo "1657"]
[WhiteRD "51"]
[BlackElo "1761"]
[BlackRD "48"]
[GameID "366174"]

1. e4 c6 2. c4 d5 3. cxd5 cxd5 4. exd5 Qxd5 5. d4 e6 6. Nc3 Qa5 7. Bd2 Bb4 8. Nf3 Nf6 9. Bd3 O-O 10. O-O Bxc3
11. Bxc3 Qd8 12. Rc1 Nbd7 13. Re1 a6 14. Bd2 b5 15. Bg5 h6 16. Bh4 Bb7 17. Ne5 Qb6 18. Bb1 Nxe5 19. dxe5 Nd5 20. Qd3 g6
21. Qh3 Nf4 22. Qg4 Nxg2 23. Re2 Nxh4 24. Qxh4 Kg7 25. Qf6+ Kh7 26. Rc3 Qd4 27. Rd3 Qg4+ 28. Kf1 Qg2+ 29. Ke1 Qg1+ 30. Kd2 Qxb1
31. Ke3 Qc1+ 32. Rdd2 Qc5+ 33. Rd4 Rad8 34. Rd2 Rxd4 35. Rxd4 Qc1+ 36. Rd2 Qc4 37. Rd4 Qxa2 38. Qe7 Kg8 39. Qxb7 Qxb2 40. Qxa6 Qc3+
41. Rd3 Qxe5+ 42. Kd2 Qf4+ 43. Ke2 b4 44. Qb5 Rb8 45. Qc5 b3 46. Qa3 b2 47. Rb3 Qc4+ 48. Rd3 Qxd3+
0-1

[Event "Fast KO - 1500-1900"]
[Site "SchemingMind.com"]
[Date "2014.10.01"]
[Round "-"]
[White "Evans9EN"]
[Black "Wojciech  Langer"]
[Result "1-0"]
[WhiteCountry "WLS"]
[BlackCountry "INT"]
[WhiteElo "1851"]
[WhiteRD "77"]
[BlackElo "1678"]
[BlackRD "79"]
[GameID "366251"]

1. d4 d6 2. c4 e5 3. Nf3 exd4 4. Nxd4 Bd7 5. Nc3 Nf6 6. g3 Be7 7. Bg2 Nc6 8. O-O O-O 9. b3 Nxd4 10. Qxd4 c6
11. e4 c5 12. Qd3 Rb8 13. h3 Be6 14. Bb2 Qd7 15. g4 h6 16. f4 Qd8 17. Rad1 a6 18. f5 Bd7 19. Qg3 Bc6 20. e5 Bxg2
21. Qxg2 Ne8 22. f6 gxf6 23. exd6 Bxd6 24. Ne4 Qc7 25. Nxf6+ Nxf6 26. Rxf6 Bf4 27. Qd5 Be3+ 28. Kg2 Bd4 29. Bxd4 cxd4 30. Rxh6 Qc6
31. Rxc6 bxc6 32. Qxc6 Rfe8 33. Rd2 Re6 34. Qd5 Rbe8 35. Kf2 Rf6+ 36. Kg2 Rfe6 37. Qxd4 R8e7 38. Kf3 Re8 39. c5 Rc6 40. Qd7 Ree6
41. b4 Rf6+ 42. Kg3 Rce6 43. Rd6 Re3+ 44. Kh4 Kg7 45. Rxf6 Kxf6 46. Qf5+
1-0

[Event "Fast KO - 1500-1900"]
[Site "SchemingMind.com"]
[Date "2014.10.02"]
[Round "-"]
[White "Wojciech  Langer"]
[Black "Evans9EN"]
[Result "0-1"]
[WhiteCountry "INT"]
[BlackCountry "WLS"]
[WhiteElo "1668"]
[WhiteRD "89"]
[BlackElo "1752"]
[BlackRD "83"]
[GameID "366252"]

1. Nf3 d6 2. g3 e5 3. d3 f5 4. Bg2 Nf6 5. e3 Nc6 6. O-O Be7 7. Re1 O-O 8. Nbd2 Be6 9. Nb3 Qe8 10. Bd2 Ng4
11. d4 e4 12. Nh4 Qd7 13. Nxf5 Bxf5 14. Rf1 d5 15. f4 b6 16. h3 Nf6 17. Qe2 Bxh3 18. Bxh3 Qxh3 19. Rf2 Qxg3+ 20. Rg2 Qh3
21. Rh2 Qg4+ 22. Kf2 a5 23. Qb5 Nb4 24. Rg1 Qf3+ 25. Ke1 Nxc2#
0-1

[Event "Fast KO - 1500-1900"]
[Site "SchemingMind.com"]
[Date "2014.10.01"]
[Round "-"]
[White "CapuzziG"]
[Black "palberto63"]
[Result "0-1"]
[WhiteCountry "ITA"]
[BlackCountry "CUB"]
[WhiteElo "1835"]
[WhiteRD "89"]
[BlackElo "2120"]
[BlackRD "74"]
[GameID "366261"]

1. d4 Nf6 2. c4 e6 3. Nc3 c5 4. d5 exd5 5. cxd5 d6 6. e4 Be7 7. f4 O-O 8. Nf3 Re8 9. Be2 Nbd7 10. O-O Bf8
11. Qc2 a6 12. a4 g6 13. b3 Bg7 14. Bd3 Ng4 15. Re1 c4 16. bxc4 Qb6+ 17. Kf1 Bxc3 18. Rb1 Qa5 19. Re2 Nc5 20. h3 Bd7
21. hxg4 Bxa4 22. Qa2 Nxd3 23. Bd2 Bxd2 24. Rxd2 Nc5 25. e5 Qc3 26. exd6 Bb3 27. Qb2 Qe3 28. Ne5 Rxe5 29. fxe5 Bxc4+ 30. Re2 Ne4
31. Ke1 Qg1#
0-1

[Event "Fast KO - 1500-1900"]
[Site "SchemingMind.com"]
[Date "2014.10.01"]
[Round "-"]
[White "palberto63"]
[Black "CapuzziG"]
[Result "1-0"]
[WhiteCountry "CUB"]
[BlackCountry "ITA"]
[WhiteElo "2120"]
[WhiteRD "74"]
[BlackElo "1835"]
[BlackRD "89"]
[GameID "366262"]

1. e4 e5 2. Nf3 Nc6 3. d4 exd4 4. Bc4 Nf6 5. e5 d5 6. Bb5 Ne4 7. Nxd4 Bc5 8. Nxc6 Bxf2+ 9. Kf1 bxc6 10. Bxc6+ Kf8
11. Qd3 Rb8 12. Bxd5 Bb6 13. Qxe4 Ba6+ 14. Ke1 Qe7 15. b3 Qc5 16. Ba3
1-0

[Event "Fast KO - 1500-1900"]
[Site "SchemingMind.com"]
[Date "2014.10.06"]
[Round "-"]
[White "spoke"]
[Black "bobbassbone"]
[Result "1-0"]
[WhiteCountry "GER"]
[BlackCountry "ENG"]
[WhiteElo "1832"]
[WhiteRD "81"]
[BlackElo "1638"]
[BlackRD "57"]
[GameID "366393"]

1. e4 c6 2. d4 d5 3. exd5 cxd5 4. c4 Nf6 5. Nc3 Bf5 6. Nf3 h6 7. c5 e6 8. Bb5+ Nc6 9. Ne5 Qc7 10. Qa4 Rc8
11. Qxa7 Be7 12. Bf4
1-0

[Event "Fast KO - 1500-1900"]
[Site "SchemingMind.com"]
[Date "2014.10.06"]
[Round "-"]
[White "bobbassbone"]
[Black "spoke"]
[Result "1-0"]
[WhiteCountry "ENG"]
[BlackCountry "GER"]
[WhiteElo "1638"]
[WhiteRD "57"]
[BlackElo "1832"]
[BlackRD "81"]
[GameID "366394"]

1. d4 Nf6 2. Bf4 d5 3. e3 e6 4. c3 Bd6 5. Bg3 Bd7 6. Nd2 O-O 7. Ngf3 b6 8. Bd3 Qe7 9. Bxd6 Qxd6 10. Ne5 c5
11. f4 cxd4 12. exd4 Nc6 13. Qf3 Ne7 14. g4 h6 15. g5 Nf5 16. gxf6
1-0

[Event "Fast KO - 1500-1900"]
[Site "SchemingMind.com"]
[Date "2014.10.03"]
[Round "-"]
[White "Marc Wakeham"]
[Black "lemme howdt"]
[Result "0-1"]
[WhiteCountry "WLS"]
[BlackCountry "USA"]
[WhiteElo "1534"]
[WhiteRD "61"]
[BlackElo "1577"]
[BlackRD "71"]
[GameID "366398"]

1. e4 e5 2. Nf3 Nc6 3. d4 exd4 4. c3 dxc3 5. Nxc3 Bb4 6. Qb3 Qe7 7. Bd3 d6 8. O-O Be6 9. Qc2 O-O-O 10. a3 Bxc3
11. Qxc3 d5 12. exd5 Bxd5 13. Re1 Qd6 14. Qxg7 Nf6 15. Qh6 Bxf3 16. gxf3 Rhg8+ 17. Kh1 Qxd3 18. Qh3+ Ng4 19. Bf4 Kb8 20. Be3 Nge5
21. Qf1 Qd5 22. Qe2 Nxf3 23. Qd1 Nxe1+
0-1

[Event "Fast KO - 1500-1900"]
[Site "SchemingMind.com"]
[Date "2014.10.03"]
[Round "-"]
[White "lemme howdt"]
[Black "Marc Wakeham"]
[Result "0-1"]
[WhiteCountry "USA"]
[BlackCountry "WLS"]
[WhiteElo "1577"]
[WhiteRD "71"]
[BlackElo "1534"]
[BlackRD "61"]
[GameID "366399"]

1. e4 e5 2. Nf3 Nf6 3. Nxe5 d6 4. Nf3 g6 5. Nc3 Bg7 6. Bc4 O-O 7. d3 Bg4 8. Bg5 Qd7 9. h3 Bxf3 10. Qxf3 Ne8
11. Bd2 a6 12. O-O-O Nc6 13. Ne2 Ne5 14. Qg3 Nxc4 15. dxc4 Nf6 16. Nc3 Qe6 17. b3 Rfe8 18. f4 Nh5 19. Qd3 Bxc3 20. f5 Bxd2+
21. Rxd2 Qxe4 22. fxg6 hxg6 23. Qc3 Qe5 24. Qxe5 Rxe5 25. Rf1 Rae8 26. Rdf2 Re1+ 27. Rxe1 Rxe1+ 28. Kd2 Re5 29. g4 Ng7 30. Kd3 Ne6
31. a3 Kg7 32. b4 c6 33. Rf4 Nxf4+ 34. Kd4 Nxh3
0-1

[Event "Fast KO - 1500-1900"]
[Site "SchemingMind.com"]
[Date "2014.10.03"]
[Round "-"]
[White "grabapawn"]
[Black "Clive Everill"]
[Result "1-0"]
[WhiteCountry "USA"]
[BlackCountry "CZE"]
[WhiteElo "1597"]
[WhiteRD "66"]
[BlackElo "1709"]
[BlackRD "52"]
[GameID "366400"]

1. e4 d5 2. d4 Nc6 3. Nc3 g6 4. Nf3 Bg7 5. Be3 Bg4 6. Bb5 e6 7. e5 Ne7 8. Qe2 O-O 9. O-O-O a6 10. Ba4 b5
11. Bb3 Na5 12. h3 Nxb3+ 13. cxb3 Bxf3 14. Qxf3 Nf5 15. Bf4 c6 16. g4 Ne7 17. h4 f5 18. g5 a5 19. h5 Kf7 20. hxg6+ Nxg6
21. Ne2 Rh8 22. Rh3 Nxf4 23. Nxf4 Ke7 24. Rdh1 Qg8 25. Nh5 Rf8 26. Nf6 Bxf6 27. exf6+ Kd7 28. Qf4 Rf7 29. Rh6 Rf8 30. Qd2 Ra8
31. Re1 Qf7 32. Qc3 a4 33. b4 Rag8 34. Rg1 Rg6 35. Qc5 Qf8 36. Qa7+ Kd6 37. Qc5+ Kd7 38. Qa7+ Kc8 39. Rxh7 Rxh7 40. Qxh7 Rg8
41. Qa7 Qd8 42. f7 Rf8 43. g6 Rh8 44. g7
1-0

[Event "Fast KO - 1500-1900"]
[Site "SchemingMind.com"]
[Date "2014.10.03"]
[Round "-"]
[White "Clive Everill"]
[Black "grabapawn"]
[Result "1-0"]
[WhiteCountry "CZE"]
[BlackCountry "USA"]
[WhiteElo "1652"]
[WhiteRD "53"]
[BlackElo "1596"]
[BlackRD "68"]
[GameID "366401"]

1. e4 e5 2. f4 Nc6 3. Nf3 d6 4. Bc4 Bg4 5. O-O Qd7 6. d3 Nf6 7. f5 O-O-O 8. Qe1 g6 9. h3 Bh5 10. g4 Nxg4
11. hxg4 Bxg4 12. Nh4 f6 13. Qg3 gxf5 14. exf5 Rg8 15. Bxg8 h5 16. Be6 Bxf5 17. Bxd7+ Bxd7 18. Rxf6 Be7 19. Rh6 Nd4 20. Nc3 b5
21. b4 a5 22. Be3 axb4 23. Bxd4 exd4 24. Nd5 Bxh4 25. Qxh4 Rg8+ 26. Kh2
1-0

[Event "Fast KO - 1500-1900"]
[Site "SchemingMind.com"]
[Date "2014.10.08"]
[Round "-"]
[White "Ramesh Panwar"]
[Black "emvarela"]
[Result "1-0"]
[WhiteCountry "IND"]
[BlackCountry "ARG"]
[WhiteElo "2207"]
[WhiteRD "52"]
[BlackElo "1686"]
[BlackRD "48"]
[GameID "366416"]

1. c4 e5 2. Nc3 Nf6 3. a3 c6 4. d4 exd4 5. Qxd4 d5 6. Bf4 Bd6 7. Bxd6 Qxd6 8. Rd1 Be6 9. Nf3 Nbd7 10. cxd5 cxd5
11. e4 Qb6 12. exd5 Qxd4 13. Rxd4 Bf5 14. Nh4 Bg6 15. Be2 O-O 16. Nxg6 hxg6 17. O-O Nb6 18. d6 Rad8 19. Rfd1
1-0

[Event "Fast KO - 1500-1900"]
[Site "SchemingMind.com"]
[Date "2014.10.08"]
[Round "-"]
[White "emvarela"]
[Black "Ramesh Panwar"]
[Result "0-1"]
[WhiteCountry "ARG"]
[BlackCountry "IND"]
[WhiteElo "1686"]
[WhiteRD "48"]
[BlackElo "2207"]
[BlackRD "52"]
[GameID "366417"]

1. e4 e5 2. Nf3 Nc6 3. Bb5 Nf6 4. O-O Bc5 5. c3 O-O 6. Bxc6 dxc6 7. d3 Re8 8. Bg5 h6 9. Bxf6 Qxf6 10. b4 Be7
11. h3 a5 12. bxa5 Rxa5 13. Nbd2 Be6 14. Nb3 Ra3 15. c4 Bb4 16. Qe2 b6 17. d4 exd4 18. Nbxd4 Bc3 19. Nxe6 Bxa1 20. Nxc7 Re7
21. Nd5 cxd5 22. cxd5 Be5 23. Rc1 Bf4 24. g3 Bxc1
0-1

[Event "Fast KO - 1500-1900"]
[Site "SchemingMind.com"]
[Date "2014.10.06"]
[Round "-"]
[White "Simon Green"]
[Black "simpet"]
[Result "1-0"]
[WhiteCountry "ENG"]
[BlackCountry "ENG"]
[WhiteElo "1608"]
[WhiteRD "55"]
[BlackElo "1658"]
[BlackRD "61"]
[GameID "366469"]

1. d4 Nf6 2. e3 e6 3. Bd3 d5 4. f4 c5 5. c3 c4 6. Bc2 b5 7. Nf3 h6 8. O-O Bb7 9. Nbd2 Nc6 10. Qe1 Qc7
11. Ne5 O-O-O 12. Qg3 Bd6 13. Qxg7 Qe7 14. Qxf7 Rdf8 15. Qxe7 Nxe7 16. Ng6 Nxg6 17. Bxg6 h5 18. Nf3 Rh6 19. f5 Ne4 20. Ne5 Bxe5
21. dxe5 h4 22. Rf3 Rfh8 23. Bf7 exf5 24. Rxf5 h3 25. g4 Rh4 26. Be6+ Kb8 27. Rf4 a6 28. Bf5 Ng3 29. hxg3 h2+ 30. Kh1 Rh3
31. Rf3 Rf8 32. Bd2 Rxf5 33. gxf5 d4 34. Kg2 Bxf3+ 35. Kxh3 h1=Q+ 36. Rxh1 Bxh1 37. exd4 Kc8 38. f6 Kd7 39. Kg4 Ke6 40. Kg5 Kf7
41. g4 Bd5 42. Kh6 a5 43. a3 a4 44. g5 Be4 45. Be3 Bf5 46. d5
1-0

[Event "Fast KO - 1500-1900"]
[Site "SchemingMind.com"]
[Date "2014.10.22"]
[Round "-"]
[White "Simon Green"]
[Black "palberto63"]
[Result "0-1"]
[WhiteCountry "ENG"]
[BlackCountry "CUB"]
[WhiteElo "1608"]
[WhiteRD "55"]
[BlackElo "2120"]
[BlackRD "74"]
[GameID "367309"]

1. d4 Nf6 2. e3 e6 3. Bd3 c5 4. c3 d5 5. f4 Nc6 6. Nf3 Bd6 7. O-O O-O 8. Qe1 b6 9. Nbd2 cxd4 10. cxd4 Nb4
11. Qe2 Nxd3 12. Ne5 Nb4 13. Qd1 Qc7 14. Ndf3 Ba6 15. Rf2 Ne4
0-1

[Event "Fast KO - 1500-1900"]
[Site "SchemingMind.com"]
[Date "2014.10.22"]
[Round "-"]
[White "palberto63"]
[Black "Simon Green"]
[Result "1-0"]
[WhiteCountry "CUB"]
[BlackCountry "ENG"]
[WhiteElo "2120"]
[WhiteRD "74"]
[BlackElo "1608"]
[BlackRD "55"]
[GameID "367310"]

1. e4 e6 2. c4 d5 3. cxd5 exd5 4. exd5 Qxd5 5. Nc3 Qe6+ 6. Be2 Nf6 7. Nf3 Bb4 8. a3 Bxc3 9. dxc3 O-O 10. O-O b6
11. Nd4 Qd6 12. Bf3 c6 13. Nxc6 Qxd1 14. Ne7+ Kh8 15. Rxd1 Nbd7 16. Bxa8 Ba6 17. Bc6 Ne5 18. Bf4 Ng6 19. Nxg6+ fxg6 20. Rd4 h6
21. Re1 g5 22. Be5 Rf7 23. Rd8+ Kh7 24. Ba4 Re7 25. Bc2+
1-0

[Event "Fast KO - 1500-1900"]
[Site "SchemingMind.com"]
[Date "2014.11.10"]
[Round "-"]
[White "lemme howdt"]
[Black "Evans9EN"]
[Result "0-1"]
[WhiteCountry "USA"]
[BlackCountry "WLS"]
[WhiteElo "1544"]
[WhiteRD "74"]
[BlackElo "1851"]
[BlackRD "77"]
[GameID "368628"]

1. e4 d6 2. Nf3 Nf6 3. Nc3 g6 4. Bc4 Bg7 5. d4 O-O 6. Bg5 c6 7. Qd2 b5 8. Bb3 b4 9. Ne2 Nxe4 10. Qe3 d5
11. h3 Nxg5 12. Nxg5 Nd7 13. O-O-O a5 14. a3 bxa3 15. bxa3 a4 16. Ba2 Qb6 17. Qxe7 Bf6 18. Qe3 Rb8 19. Nc3 Ba6 20. Nxa4 Qa5
21. Bb3 Bb5 22. Nc5 Qxa3+ 23. Kd2 Nxc5 24. dxc5 Rfe8
0-1

[Event "Fast KO - 1500-1900"]
[Site "SchemingMind.com"]
[Date "2014.11.10"]
[Round "-"]
[White "Evans9EN"]
[Black "lemme howdt"]
[Result "1-0"]
[WhiteCountry "WLS"]
[BlackCountry "USA"]
[WhiteElo "1851"]
[WhiteRD "77"]
[BlackElo "1544"]
[BlackRD "74"]
[GameID "368629"]

1. d4 d5 2. c4 dxc4 3. Nc3 c6 4. e4 b5 5. a4 Bb7 6. axb5 cxb5 7. Nxb5 Qb6 8. Nc3 e6 9. Bxc4 Bb4 10. d5 exd5
11. exd5 Nf6 12. Qe2+ Kd7 13. Be3 Bc5 14. Nf3 a6 15. Ne5+ Ke8 16. Bxc5 Qxc5 17. Ng6+
1-0

[Event "Fast KO - 1500-1900"]
[Site "SchemingMind.com"]
[Date "2014.11.14"]
[Round "-"]
[White "Ramesh Panwar"]
[Black "spoke"]
[Result "1-0"]
[WhiteCountry "IND"]
[BlackCountry "GER"]
[WhiteElo "2207"]
[WhiteRD "52"]
[BlackElo "1825"]
[BlackRD "76"]
[GameID "368958"]

1. d4 d5 2. Bf4 Nf6 3. Nf3 Nc6 4. e3 Bg4 5. c3 Nh5 6. Nbd2 Nxf4 7. exf4 e6 8. Qb3 Qc8 9. Bd3 Bd6 10. Ne5 Bxe5
11. fxe5 Ne7 12. Nf1 Bf5 13. Bxf5 Nxf5 14. Ne3 Nxe3 15. fxe3 O-O 16. O-O b6 17. Qb5 c5 18. Rf2 c4 19. e4 Qb7 20. exd5 Qxd5
21. Qxd5 exd5 22. g4 Rae8 23. Raf1 Re6 24. Kg2 g6 25. h4 h6 26. Rf6 Rxf6 27. Rxf6 Rd8 28. Kg3 Kg7 29. Kf4 Kf8 30. e6 Ke7
31. Ke5
1-0

[Event "Fast KO - 1500-1900"]
[Site "SchemingMind.com"]
[Date "2014.11.14"]
[Round "-"]
[White "spoke"]
[Black "Ramesh Panwar"]
[Result "0-1"]
[WhiteCountry "GER"]
[BlackCountry "IND"]
[WhiteElo "1825"]
[WhiteRD "76"]
[BlackElo "2207"]
[BlackRD "52"]
[GameID "368959"]

1. e4 e5 2. Nf3 Nc6 3. Bc4 Nf6 4. Ng5 d5 5. exd5 Na5 6. Bb5+ c6 7. dxc6 bxc6 8. Be2 h6 9. Nh3 g5 10. f3 Bxh3
11. gxh3 Qd4 12. c3 Qh4+ 13. Kf1 Qxh3+ 14. Kf2 Bc5+ 15. d4 exd4 16. b4 d3+ 17. bxc5 dxe2 18. Qxe2+ Kf8 19. Qe5 Re8 20. Qg3 Qf5
21. Be3 Ne4+
0-1

[Event "Fast KO - 1500-1900"]
[Site "SchemingMind.com"]
[Date "2014.11.20"]
[Round "-"]
[White "palberto63"]
[Black "Evans9EN"]
[Result "1/2-1/2"]
[WhiteCountry "CUB"]
[BlackCountry "WLS"]
[WhiteElo "2241"]
[WhiteRD "66"]
[BlackElo "1917"]
[BlackRD "82"]
[GameID "369160"]

1. d4 Nf6 2. c4 e6 3. Nf3 b6 4. g3 Ba6 5. b3 Bb4+ 6. Bd2 Be7 7. Bg2 c6 8. Bc3 d5 9. Ne5 Nfd7 10. Nxd7 Nxd7
11. Nd2 O-O 12. O-O Rc8 13. e4 c5 14. exd5 exd5 15. dxc5 dxc4 16. c6 cxb3 17. Re1 b2 18. Bxb2 Nc5 19. Ba3 Bf6 20. Rc1 Bb5
21. Bxc5 bxc5 22. Rxc5 Qb6 23. Ne4 Rxc6 24. Rxc6 Qxc6 25. a4 Ba6 26. Qc1 Qxc1 27. Nxf6+ gxf6 28. Rxc1 Rc8 29. Rc6 Bb7 30. Rxc8+ Bxc8
31. Kf1 a5 32. Bd5 Kf8 33. Ke2 Bd7 34. Bb3 Ke7 35. Kd3 Kd6 36. Kd4 h6= 37. Bc2 Bc6 38. Kc4 f5 39. Bd1 Bd7 40. Kd4 Be6
41. Bc2 Bd5 42. f4 f6 43. Bd1 Be6 44. Be2 Bb3 45. Bb5 Bd1 46. Be8 Bf3 47. Kc4=
1/2-1/2

[Event "Fast KO - 1500-1900"]
[Site "SchemingMind.com"]
[Date "2014.11.20"]
[Round "-"]
[White "Evans9EN"]
[Black "palberto63"]
[Result "0-1"]
[WhiteCountry "WLS"]
[BlackCountry "CUB"]
[WhiteElo "1917"]
[WhiteRD "82"]
[BlackElo "2241"]
[BlackRD "66"]
[GameID "369161"]

1. d4 Nf6 2. c4 e6 3. Nf3 b6 4. g3 Bb7 5. Bg2 Be7 6. O-O O-O 7. Nc3 Ne4 8. Qc2 Nxc3 9. Qxc3 f5 10. b3 Bf6
11. Bb2 a5 12. Rad1 Qe7 13. Qc1 d6 14. Rfe1 Na6 15. a3 e5 16. dxe5 dxe5 17. Nh4 Bxg2 18. Nxg2 f4 19. e4 Nc5 20. Qc2 g6
21. Re2 f3 22. Red2 fxg2 23. Kxg2 Rf7 24. a4 Qe6 25. Rd5 Raf8 26. f3 g5 27. h3 h5 28. Bc1 g4 29. hxg4 Bg7 30. Rf1 hxg4
31. f4 exf4 32. Bxf4 Qxe4+ 33. Qxe4 Nxe4 34. Rh1 Nc5 35. Rh4 Nxb3 36. Rxg4 Re8 37. Bh6 Nc5 38. Rdg5 Ree7 39. Rd5 Nxa4 40. Rd8+ Rf8
41. Rd3 Nc5 42. Rd2 a4 43. Ra2 Rff7 44. Kh3 Rf3 45. Bc1 Rd7 46. Kg2 Rb3
0-1

[Event "Fast KO - 1500-1900"]
[Site "SchemingMind.com"]
[Date "2014.11.30"]
[Round "-"]
[White "Scooter"]
[Black "grabapawn"]
[Result "1-0"]
[WhiteCountry "USA"]
[BlackCountry "USA"]
[WhiteElo "1759"]
[WhiteRD "48"]
[BlackElo "1570"]
[BlackRD "59"]
[GameID "369698"]

1. d4 d5 2. Nf3 Nc6 3. Bf4 Nf6 4. e3 Bg4 5. Be2 e6 6. O-O Bd6 7. Bxd6 Qxd6 8. c3 O-O-O 9. Nbd2 h6 10. h3 Bf5
11. Nh4 Bh7 12. c4 g5 13. Nhf3 Ne4 14. c5 Qe7 15. Bb5 Nb4 16. Qb3 a6 17. Qxb4 axb5 18. Qxb5 h5 19. Nb3 c6 20. Qb6 Qc7
21. Qxc7+ Kxc7 22. Ne5 Rdf8 23. a4 f6 24. Nf3 g4 25. Nfd2 gxh3 26. gxh3 Bf5 27. Nxe4 Bxe4 28. f3 Bf5 29. Kh2 Rhg8 30. Rg1 h4
31. Nd2 e5 32. e4 dxe4 33. fxe4 Be6 34. Nf3 exd4 35. Nxd4 Bc4 36. b3 Bd3 37. Ne6+ Kd7 38. Nxf8+ Rxf8 39. Rad1
1-0

[Event "Fast KO - 1500-1900"]
[Site "SchemingMind.com"]
[Date "2014.11.30"]
[Round "-"]
[White "grabapawn"]
[Black "Scooter"]
[Result "0-1"]
[WhiteCountry "USA"]
[BlackCountry "USA"]
[WhiteElo "1570"]
[WhiteRD "59"]
[BlackElo "1759"]
[BlackRD "48"]
[GameID "369699"]

1. e4 c6 2. d4 d5 3. Nc3 dxe4 4. Nxe4 Bf5 5. Nc5 b6 6. Nb3 Nf6 7. Bd3 Bxd3 8. Qxd3 e6 9. Nf3 Be7 10. Bf4 O-O
11. O-O-O Ng4 12. Bg3 Bd6 13. Ne5 Nxe5 14. dxe5 Be7 15. Qe4 Qc7 16. f4 Nd7 17. Bf2 Rad8 18. g4 g6 19. h4 a5 20. g5 a4
21. Nd4 Nb8 22. h5 Bc5 23. hxg6 fxg6 24. Rh2 Bxd4 25. Rxd4 Rxd4 26. Bxd4 c5 27. Bc3 Qc6 28. Qe3 b5 29. Qh3 Rf7 30. Ba5 Qe4
31. Rd2 Qe1+ 32. Rd1 Qxa5 33. Qxe6 Qc7 34. Qe8+ Kg7 35. e6 Re7 36. Qxb5 Qxf4+ 37. Kb1 Qg4 38. Rc1 Qb4 39. Qe2 a3 40. Qe5+ Kg8
41. Rd1 Nc6 42. Qf6 Qxb2+ 43. Qxb2 axb2 44. Kxb2 Rxe6 45. Rd5 Re5 46. Rd6 Nd4 47. Rd8+ Kf7 48. Rd7+ Re7 49. Rd5 Rc7 50. c3 Ke6
51. Rd8 Nf3 52. Re8+ Kf5 53. Rf8+ Kg4 54. a4 Nxg5 55. Ra8 h5 56. a5 h4 57. a6 h3 58. Rb8 Ra7 59. Rb6 h2 60. Rxg6 h1=Q
61. Kb3 Rxa6
0-1

[Event "Fast KO - 1500-1900"]
[Site "SchemingMind.com"]
[Date "2014.12.05"]
[Round "-"]
[White "Ramesh Panwar"]
[Black "Scooter"]
[Result "1-0"]
[WhiteCountry "IND"]
[BlackCountry "USA"]
[WhiteElo "2279"]
[WhiteRD "51"]
[BlackElo "1759"]
[BlackRD "48"]
[GameID "370687"]

1. e4 c6 2. d4 d5 3. Nc3 dxe4 4. Nxe4 Bf5 5. Ng3 Bg6 6. Nf3 Nd7 7. Bd3 Bxd3 8. Qxd3 Ngf6 9. O-O Qc7 10. c4 e6
11. Ne2 O-O-O 12. Ng5 Nc5 13. Qg3 Bd6 14. Qh3 Nce4 15. Nxe4 Nxe4 16. c5 Be7 17. Qa3 a6 18. Bf4 Qd7 19. h3 Bg5 20. Bh2 Bf6
21. Qe3 Qd5 22. f3 Ng5 23. h4 Nxf3+ 24. Rxf3 Bxh4 25. Qf4
1-0

[Event "Fast KO - 1500-1900"]
[Site "SchemingMind.com"]
[Date "2014.12.05"]
[Round "-"]
[White "Scooter"]
[Black "Ramesh Panwar"]
[Result "0-1"]
[WhiteCountry "USA"]
[BlackCountry "IND"]
[WhiteElo "1759"]
[WhiteRD "48"]
[BlackElo "2279"]
[BlackRD "51"]
[GameID "370688"]

1. d4 Nf6 2. Nf3 e6 3. Bg5 c5 4. c3 Nc6 5. e3 d5 6. Bb5 Qb6 7. Qb3 c4 8. Bxc6+ bxc6 9. Qxb6 axb6 10. O-O Nd7
11. Bf4 f6 12. h3 g5 13. Bg3 h5 14. Nbd2 b5 15. e4 g4= 16. hxg4 hxg4 17. Nh2 Bh6 18. Rfd1 f5 19. exf5 exf5 20. Re1+ Kf7
21. Bd6 Bxd2 22. Re7+ Kf6 23. Nf1 Bg5 24. Rae1 Kg6 25. R7e6+ Nf6 26. R6e2 Rxa2 27. f3 f4 28. Be7 Bf5
0-1

[Event "Fast KO - 1500-1900"]
[Site "SchemingMind.com"]
[Date "2015.01.09"]
[Round "-"]
[White "Ramesh Panwar"]
[Black "palberto63"]
[Result "1/2-1/2"]
[WhiteCountry "IND"]
[BlackCountry "CUB"]
[WhiteElo "2302"]
[WhiteRD "50"]
[BlackElo "2241"]
[BlackRD "66"]
[GameID "372807"]

1. e4 c5 2. Nf3 d6 3. d4 cxd4 4. Nxd4 Nf6 5. Nc3 a6 6. Bg5 e6 7. Be2 Nbd7 8. O-O Be7 9. Qd3 h6 10. Bc1 O-O
11. Qg3 Kh8 12. Be3 Qc7 13. Rfd1 Nc5 14. Bf3 Ncd7 15. Nd5 Nxd5 16. exd5 Nf6 17. dxe6 fxe6 18. Rac1 e5 19. Nb3 Qc4 20. Nd2 Qxa2
21. c4 Bf5 22. c5 Qe6 23. Nc4 e4 24. cxd6 exf3 25. dxe7 Qxe7 26. Nd2 fxg2 27. Rc7 Bd7 28. Nc4 Rae8 29. Nb6 Rd8 30. Nxd7 Rxd7
31. Rcxd7 Nxd7 32. Qc7 Rf7 33. Qxb7 Kh7 34. Qd5 Ne5 35. Qe4+ Ng6 36. Qxe7 Rxe7 37. Rd4 Rb7 38. Ra4 Rxb2 39. Kxg2 Rc2 40. Rxa6 Nh4+
41. Kf1 g5 42. h3 Nf5 43. Ba7 Rb2 44. Ra3=
1/2-1/2

[Event "Fast KO - 1500-1900"]
[Site "SchemingMind.com"]
[Date "2015.01.09"]
[Round "-"]
[White "palberto63"]
[Black "Ramesh Panwar"]
[Result "0-1"]
[WhiteCountry "CUB"]
[BlackCountry "IND"]
[WhiteElo "2241"]
[WhiteRD "66"]
[BlackElo "2302"]
[BlackRD "50"]
[GameID "372808"]

1. d4 Nf6 2. c4 e6 3. g3 d5 4. Nc3 c5 5. Nf3 cxd4 6. Nxd4 e5 7. Nf3 d4 8. Nxe5 Qd6 9. Qa4+ Nbd7 10. Nb5 Qb4+
11. Qxb4 Bxb4+ 12. Bd2 Bxd2+ 13. Kxd2 Nxe5 14. Nc7+ Ke7 15. Nxa8 Nxc4+ 16. Ke1 Bd7 17. Nc7 Rc8 18. e4 Ne5 19. Rc1 Kd8 20. f4 Neg4
21. Bd3 Rxc7 22. Rxc7 Kxc7 23. e5 Nh5 24. Be2 g6 25. Bxg4 Bxg4 26. b3 Ng7 27. Kd2 Bf5 28. Rg1 h5 29. Rd1 Ne6 30. Rc1+ Kb6
31. Rc4 Kb5 32. Kc1 h4 33. Ra4 hxg3 34. hxg3 a5 35. Kd2 b6 36. Rc4 Bb1 37. a4+ Ka6 38. Kc1 Be4 39. Rc8 Bd5 40. Kb2 Nc5
41. Rd8 Bxb3 42. Rxd4 Bxa4 43. g4 Bd7 44. g5 Bf5 45. Kc3 Ne4+ 46. Kb3 b5 47. Rd8 Be6+
0-1